|
|
|
|
| LEADER |
02286nam a22005532i 4500 |
| 001 |
001623456 |
| 003 |
CZ BrMZK |
| 005 |
20180530153911.0 |
| 007 |
ta |
| 008 |
180404s1993 xr ac er|||||||||||cze d |
| 015 |
|
|
|a cnb000736623
|z cnb000305883
|
| 020 |
|
|
|a 80-85280-16-7
|q (vázáno)
|
| 035 |
|
|
|a (OCoLC)1022791253
|
| 040 |
|
|
|a HKA001
|b cze
|d ABA001
|d BOA001
|e rda
|
| 041 |
1 |
|
|a cze
|h eng
|
| 043 |
|
|
|a e-uk---
|a e-xr---
|
| 045 |
|
|
|a x3x4
|
| 072 |
|
7 |
|a 358
|x Vojenské letectvo. Dělostřelectvo. Ženijní jednotky. Technické služby armády. Chemické vojsko
|2 Konspekt
|9 15
|
| 072 |
|
7 |
|a 929
|x Biografie
|2 Konspekt
|9 8
|
| 080 |
|
|
|a 929
|2 MRF
|
| 080 |
|
|
|a 358.4-051
|2 MRF
|
| 080 |
|
|
|a 358.4
|2 MRF
|
| 080 |
|
|
|a 355.48(100)"1939/1945"
|2 MRF
|
| 080 |
|
|
|a (410)
|2 MRF
|
| 080 |
|
|
|a (437.3)
|2 MRF
|
| 080 |
|
|
|a (092)
|2 MRF
|
| 100 |
1 |
|
|a Darlington, Roger
|7 xx0065359
|4 aut
|
| 245 |
1 |
0 |
|a Noční jestřáb /
|c Roger Darlington ; překlad: Milan Kocourek
|
| 250 |
|
|
|a Vydání první
|
| 264 |
|
1 |
|a [Cheb] :
|b Svět křídel,
|c 1993
|
| 300 |
|
|
|a 188 stran :
|b ilustrace, portréty ;
|c 25 cm
|
| 336 |
|
|
|a text
|b txt
|2 rdacontent
|
| 337 |
|
|
|a bez média
|b n
|2 rdamedia
|
| 338 |
|
|
|a svazek
|b nc
|2 rdacarrier
|
| 500 |
|
|
|a "Životopis Flight Leutenanta Karla Kuttelwaschera DFC and Bar, největšího esa britských Královských leteckých sil v operacích Night Intruder, Noční vetřelec věnuji všem československým letcům, kteří během druhé světové války létali u RAF"
|
| 500 |
|
|
|a Přeloženo z angličtiny
|
| 500 |
|
|
|a 20000 výtisků
|
| 504 |
|
|
|a Obsahuje bibliografii
|
| 600 |
1 |
7 |
|a Kuttelwascher, Karel,
|d 1916-1959
|7 jn20000728356
|2 czenas
|
| 610 |
1 |
7 |
|a Velká Británie.
|b Royal Air Force
|7 olak2003164534
|2 czenas
|
| 648 |
|
7 |
|a 1939-1945
|7 ch460653
|2 czenas
|
| 650 |
0 |
7 |
|a vojenské letectvo
|7 ph116625
|z Velká Británie
|y 1939-1945
|2 czenas
|
| 650 |
0 |
7 |
|a vojenští letci
|7 ph127212
|z Česko
|y 1939-1945
|2 czenas
|
| 650 |
0 |
7 |
|a druhá světová válka (1939-1945)
|7 ph117270
|z Velká Británie
|2 czenas
|
| 655 |
|
7 |
|a biografie
|7 fd131909
|2 czenas
|
| 700 |
1 |
|
|a Kocourek, Milan,
|d 1946-
|7 js20020311001
|4 trl
|
| 910 |
|
|
|a BOA001
|b 2-1404.749
|
| 990 |
|
|
|a BK
|
| 996 |
6 |
|
|b 2610740912
|c 2-1404.749
|l MZK
|r Sklad / do 1 hodiny
|n 0
|p dar
|w 001660811
|u 000010
|a 1
|e BOA001
|j MZK50
|s P
|